000 00682nam a2200181 i 4500
001 54521
003 ES-MaACL
005 20240424092321.0
008 960723s1888 sp |||| | spa d
100 1 _aFraguas, José.
_952090
245 1 3 _aEl estudiante
_b: novela de costumbres escolares /
_cpor José Fraguas ; con un prólogo de Alejandro Sawa.
260 _aMadrid :
_bJuan Muñoz Sánchez,
_c[1888?] (
_fImp. de Pedro Nuñez)
300 _a295 p. ;
_c19 cm.
500 _aFecha tomada de la dedicatoria manuscrita del autor.
700 1 _aSawa, Alejandro,
_d1862-1909
_9104088
852 _aES-MaACL
_jG-11663
_z. - Dedicatoria autógrafa del autor
999 _c54521
_d54521